MARC details
| 000 -CABECERA |
| campo de control de longitud fija |
01529nam a2200241 a 4500 |
| 001 - NÚMERO DE CONTROL |
| campo de control |
000020249 |
| 005 - FECHA Y HORA DE LA ÚLTIMA TRANSACCIÓN |
| campo de control |
20200929170330.0 |
| 008 - DATOS DE LONGITUD FIJA--INFORMACIÓN GENERAL |
| campo de control de longitud fija |
091118s1988 dr ab 000 0 spa d |
| 040 ## - FUENTE DE LA CATALOGACIÓN |
| Centro catalogador/agencia de origen |
DO-SdBNP |
| Lengua de catalogación |
spa |
| Centro/agencia transcriptor |
BNPHU |
| 082 ## - NÚMERO DE LA CLASIFICACIÓN DECIMAL DEWEY |
| Número de clasificación |
xxxx |
| Número de documento/Ítem |
xxxx |
| 100 1# - ENTRADA PRINCIPAL--NOMBRE DE PERSONA |
| Nombre de persona |
Lluberes, Andrea Mercedes |
| 9 (RLIN) |
42865 |
| 245 10 - MENCIÓN DE TÍTULO |
| Título |
Estudios sociales 4 : |
| Resto del título |
educación primaria / |
| Mención de responsabilidad, etc. |
Andrea Mercedes Lluberes ; revisado y actualizado por Rafael A. González ; dirección técnica Yolanda R de Sánchez ; ilustración Liliana P. de Lantigua. |
| 250 ## - MENCIÓN DE EDICIÓN |
| Mención de edición |
2da. ed. |
| 260 ## - PUBLICACIÓN, DISTRIBUCIÓN, ETC. |
| Lugar de publicación, distribución, etc. |
Santo Domingo : |
| Nombre del editor, distribuidor, etc. |
Disesa, |
| Fecha de publicación, distribución, etc. |
1988 |
| Fabricante |
Corripio |
| 300 ## - DESCRIPCIÓN FÍSICA |
| Extensión |
150 p : |
| Otras características físicas |
il., maps. ; |
| Dimensiones |
27 cm. |
| 500 ## - NOTA GENERAL |
| Nota general |
Educación primaria |
| 500 ## - NOTA GENERAL |
| Nota general |
Este libro ha sido re-evaluado y aprobado por la Secretaría de Estado de Educación, Bellas Artes y Cultos, mediante oficio No. 6695 de fecha 29 de julio de 1985, para ser usado como texto básico para el 4to. Curso de educacion primaria. |
| 500 ## - NOTA GENERAL |
| Nota general |
La biblioteca solamente posee el volumen 4. |
| 505 0# - NOTA DE CONTENIDO CON FORMATO |
| Información miscelánea |
v. 4 : |
| -- |
unidad 1 -- |
| Título |
La tierra, nuestro planeta -- |
| Información miscelánea |
unidad 2 -- |
| Título |
La República Dominicana y sus características económicas -- |
| Información miscelánea |
unidad 3 -- |
| Título |
La vida en Santo Domingo durante el descubrimiento, conquista y colonización -- |
| Información miscelánea |
unidad 4 -- |
| Título |
Nacimiento, formación y evolución de nuestra patria -- |
| Información miscelánea |
unidad 5 -- |
| Título |
Seamos buenos dominicanos -- |
| Información miscelánea |
unidad 6 -- |
| Título |
Actividades del hombre -- |
| 700 1# - PUNTO DE ACCESO ADICIONAL--NOMBRE DE PERSONA |
| Nombre de persona |
González, Rafael A. |
| Término indicativo de función/relación |
Rev. Act. |
| 9 (RLIN) |
42866 |
| 700 1# - PUNTO DE ACCESO ADICIONAL--NOMBRE DE PERSONA |
| Nombre de persona |
R. de Sánchez, Yolanda |
| Término indicativo de función/relación |
dir. tec. |
| 9 (RLIN) |
42863 |
| 700 1# - PUNTO DE ACCESO ADICIONAL--NOMBRE DE PERSONA |
| Nombre de persona |
P. de Lantigua, Liliana |
| Término indicativo de función/relación |
il. |
| 9 (RLIN) |
42864 |